| 000 | 00876nam a2200289Ia 4500 | ||
|---|---|---|---|
| 001 | Z_5664 | ||
| 003 | CHAP | ||
| 008 | 220113s2008 xx 000 0 und d | ||
| 010 | _a168766 | ||
| 040 | _cCHAP | ||
| 090 | _aTesis V 2089 | ||
| 100 |
_aValverde Trujillo, Daniel _9117686 |
||
| 245 |
_aContribución al establecimiento de parámetros hemáticos, en ganado caprino / _cDaniel Valverde Trujillo |
||
| 260 |
_aChapingo, Méx. : _bEl autor, _c2008 |
||
| 300 | _a37 h. | ||
| 502 | _aTesis (Ing. Agr. Esp. en Zootecnia) -- UACH. Departamento de Zootecnia | ||
| 650 |
_aGanado cabrío _xMéxico (Edo.) _9143027 |
||
| 650 |
_aGanado cabrío _xRazas _945042 |
||
| 650 |
_aGanado cabrío _xSangre _945045 |
||
| 650 |
_aSangre _xAnálisis y química _9102211 |
||
| 901 | _aTESIS V 2089 | ||
| 902 | _aM | ||
| 910 | _a2008 | ||
| 942 | _c2 | ||
| 942 | _c2 | ||
| 999 |
_c168766 _d168766 |
||